000 00610nam a2200193Ia 4500
003 GCL
008 140319s9999 xx 000 0 ara d
040 _aGCL /
_cGCL
082 0 4 _a811.9569
_bع ا
100 1 _aغسان كنفانى
245 1 0 _aالادب الفلسطينى المقارن تحت الاحتلال 1948 - 1986 /
_cغسان كنفانى
260 _a[S.N] :
_bمؤسسة الدراسات الفلسطينية ،
_c1986
300 _a202
490 _a
650 0 4 _aالادب العربى
650 0 4 _aالقصائد والدواوين
650 0 4 _aفلسطين
942 _2ddc
_cBK
999 _c54219
_d54219